000 00612nam a2200229Ia 4500
003 OSt
005 20221005050323.0
006 a|||||r|||| 00| 0
007 ta
008 221004b |||||||| |||| 00| 0 mal d
024 _a56549
037 _cTextual
040 _aCRL
_cCRL
_bmal
041 _2mal
_amal
082 _aO32,3N05,5, J8
100 _aDev P Kesava Au.
245 0 _aUlakka
260 _aKottayam
_bSahithya pravarthaka c s ltd India
_c1958
650 _aMALAYALAM FICTION
_9183428
942 _hO32,3N05,5, J8
_cTEXL
_2cc
999 _c956753
_d956753